| 000 | 00717nam a2200205 a 4500 | ||
|---|---|---|---|
| 005 | 20210219154650.0 | ||
| 008 | 031009s1964 mx r 000 0 spa d | ||
| 035 | _aUPN01000129849 | ||
| 049 | _aCG | ||
| 050 | 4 |
_aZ3001 _bP4.3 |
|
| 100 | 1 | _aPelissier, Roger | |
| 245 | 1 | 0 |
_a2000 revues d' Asie / _cRoger Pelissier, Danielle Le Nan. |
| 260 |
_aParís : _bBibliotheque Nationale, _c1964. |
||
| 300 | _a474 p. | ||
| 500 | _aA la cabeza de la portada Maison des Sciences de l'home | ||
| 500 | _a"Ouvrage publié avec le concours de la Commission de la République Francaise pour l' UNESCO" | ||
| 650 | 4 |
_aPUBLICACIONES PERIODICAS ASIATICAS - _vBIBLIOGRAFIA |
|
| 700 | 1 |
_aLe Nan, Danielle, _ecoaut. |
|
| 905 | _aLibro | ||
| 999 |
_c102006 _d102006 |
||